Catálogo

Harry Potter y el cáliz de fuego / (Registro nro. 41513)

Detalles MARC
000 -LEADER
fixed length control field 01990cam a2200421 i 4500
001 - CONTROL NUMBER
control field 41513
003 - CONTROL NUMBER IDENTIFIER
control field Mx-PuUPA
005 - DATE AND TIME OF LATEST TRANSACTION
control field 20250610115938.0
008 - FIXED-LENGTH DATA ELEMENTS--GENERAL INFORMATION
fixed length control field 140415s2020 mx a gr 000 f spa d
020 ## - INTERNATIONAL STANDARD BOOK NUMBER
International Standard Book Number 9786073193030
040 ## - CATALOGING SOURCE
Original cataloging agency Mx-PuUPA
Language of cataloging spa
Transcribing agency Mx-PuUPA
Modifying agency Mx-PuUPA
Description conventions rda
041 1# - LANGUAGE CODE
Language code of text/sound track or separate title spa
Language code of original eng
043 ## - GEOGRAPHIC AREA CODE
Geographic area code e-uk-en
100 1# - MAIN ENTRY--PERSONAL NAME
Personal name Rowling, J. K.,
Dates associated with a name 1965-
Relator term autor
9 (RLIN) 10625
240 10 - UNIFORM TITLE
Uniform title Harry Potter and the globet of fire.
Language of a work Español
245 10 - TITLE STATEMENT
Title Harry Potter y el cáliz de fuego /
Statement of responsibility, etc. J.K. Rowling ; traducción de Adolfo Muñoz García y Nieves Martín Azofra
250 ## - EDITION STATEMENT
Edition statement Primera edición /
Remainder of edition statement en México
264 #1 - PRODUCTION, PUBLICATION, DISTRIBUTION, MANUFACTURE, AND COPYRIGHT NOTICE
Place of production, publication, distribution, manufacture Ciudad de México :
Name of producer, publisher, distributor, manufacturer Salamandra Bolsillo,
Date of production, publication, distribution, manufacture, or copyright notice 2020
300 ## - PHYSICAL DESCRIPTION
Extent 667 páginas :
Other physical details ilustraciones,
Dimensions 19 cm
336 ## - CONTENT TYPE
Fuente rdacontent
Content type term texto
Content type code txt
337 ## - MEDIA TYPE
Source rdamedia
Media type term sin medio
Media type code n
338 ## - CARRIER TYPE
Source rdacarrier
Carrier type term volumen
Carrier type code nc
500 ## - GENERAL NOTE
General note Reimpresiones: (Primera reimpresión, noviembre, 2020 ; segunda reimpresión, enero, 2021 ; tercera reimpresión, julio, 2021 ; cuarta reimpresión, octubre, 2021, quinta reimpresión, febrero, 2022 ; sexta reimpresión, septiembre, 2022 ; séptima reimpresión, enero, 2023 ; octava reimpresión, agosto, 2023 ; novena reimpresión, marzo, 2024).
600 14 - SUBJECT ADDED ENTRY--PERSONAL NAME
Personal name Potter, Harry (Personaje ficticio)
Form subdivision Novela juvenil
600 14 - SUBJECT ADDED ENTRY--PERSONAL NAME
Personal name Granger, Hermione (Personaje ficticio)
Form subdivision Novela juvenil
650 #7 - SUBJECT ADDED ENTRY--TOPICAL TERM
Source of heading or term armarc
Topical term or geographic name entry element Colegio Hogwarts
General subdivision Magia y hechicería (Organización imaginaria)
Form subdivision Novela Juvenil
650 #7 - SUBJECT ADDED ENTRY--TOPICAL TERM
Source of heading or term armarc
Topical term or geographic name entry element Magos
Form subdivision Novela juvenil
650 #7 - SUBJECT ADDED ENTRY--TOPICAL TERM
Source of heading or term armarc
Topical term or geographic name entry element Magia
Form subdivision Novela juvenil
650 #7 - SUBJECT ADDED ENTRY--TOPICAL TERM
Source of heading or term armarc
Topical term or geographic name entry element Escuelas
Form subdivision Novela juvenil
651 #4 - SUBJECT ADDED ENTRY--GEOGRAPHIC NAME
Geographic name Inglaterra
Form subdivision Novela juvenil
700 1# - ADDED ENTRY--PERSONAL NAME
Personal name Muñoz García, Adolfo,
Relator term traductor
700 1# - ADDED ENTRY--PERSONAL NAME
Personal name Martín Azofra, Nieves,
Relator term traductor
765 ## - ORIGINAL LANGUAGE ENTRY
Main entry heading Rowling, J.K.
Title Harry Potter and the Goblet of Fire
Place, publisher, and date of publication ©2000
942 ## - ADDED ENTRY ELEMENTS (KOHA)
Source of classification or shelving scheme Library of Congress Classification
Koha item type Libro
Classification part 823.92
Item part R8781
Existencias
Withdrawn status Lost status Source of classification or shelving scheme Damaged status Not for loan Collection code Home library Current library Shelving location Date acquired Source of acquisition Cost, normal purchase price Serial Enumeration / chronology Total Checkouts Total Renewals Full call number Barcode Date last seen Date last checked out Cost, replacement price Price effective from Koha item type
    Dewey Decimal Classification     General Biblioteca Karol Wojtyla Biblioteca Karol Wojtyla Sala general 19/05/2025 1 339.00 t.4 3 1 823.92 R8781 2020 106093 05/01/2026 17/10/2025 339.00 19/05/2025 Libro